01737cam a22003615a 45000010009000000050017000090080041000260100017000670200031000840200028001150400033001430820022001761000020001982450074002182500012002922600048003043000033003525040051003856500069004366500061005056500049005666510010006156530020006256550021006457000024006669420008006909990017006989520120007159520132008359520136009679520136011039520136012391850900120180508142158.0150227t2016 nyua frb 001 0 eng d a 2015001250 a9780078029066 (alk. paper) a0078029066 (alk. paper) aDLCbengcDLCdDLCdEG-ScBUE04a658.5752bULR2221 aUlrich, Karl T.10aProduct design and development /cKarl T. Ulrich, Steven D. Eppinger. a6th ed. aNew York :bMcGraw-Hill Education,cc.2016. axvi, 432 p. :bill. ;c24 cm aIncludes bibliographical references and index. 7aNew ProductsxDecision makingxMethodologyvCase studies.2BUEsh 7aProduct designxCost effectivenessvCase studies.2BUEsh 7aProduction engineeringvCase studies.2BUEsh 2BUEsh bENGMECcMay2018 vText book9337281 aEppinger, Steven D. 2ddc c26670d26642 00102ddc40708BaccahaMAINbMAINc1STd2018-05-08ePurchasel0o658.5752 ULRp000043394r2025-07-15 00:00:00yNB 00102ddc40708BaccahaMAINbMAINc1STd2018-05-08ePurchasel1o658.5752 ULRp000043395r2025-07-15 00:00:00s2018-12-06yBB 00102ddc40708BaccahaMAINbMAINc1STd2018-05-08ePurchasel5m61o658.5752 ULRp000043396r2025-07-15 00:00:00s2023-11-21yBB 00102ddc40708BaccahaMAINbMAINc1STd2018-05-08ePurchasel2m37o658.5752 ULRp000043397r2025-07-15 00:00:00s2020-02-23yBB 00102ddc40708BaccahaMAINbMAINc1STd2018-05-08ePurchasel3m39o658.5752 ULRp000043398r2025-07-15 00:00:00s2021-11-01yBB